L'etudiant
Αποθηκεύτηκε σε:
| Κύριος συγγραφέας: | |
|---|---|
| Μορφή: | Βιβλίο |
| Γλώσσα: | French |
| Δημοσίευση: |
Paris :
Calmann Levy,
1899
|
| Θέματα: | |
| Ετικέτες: |
Προσθήκη ετικέτας
Δεν υπάρχουν, Καταχωρήστε ετικέτα πρώτοι!
|
MARC
| LEADER | 00000cam a2200000 i 4500 | ||
|---|---|---|---|
| 001 | 1/66026 | ||
| 008 | 150204s1899 fre d | ||
| 035 | |l 10120904 | ||
| 040 | |a GR-MY-UA |b gre |e aacr | ||
| 041 | 0 | |a fre | |
| 082 | 0 | |a 370.9 |2 (23) | |
| 100 | 1 | |a Michelet, Jules, |d 1798-1874. | |
| 245 | 1 | 0 | |a L'etudiant / |c etude par Ernest Lavisse |
| 260 | |a Paris : |b Calmann Levy, |c 1899 | ||
| 300 | |a 324 σ.; |c 19 εκ. | ||
| 650 | 0 | 0 | |a Education. |
| 700 | 1 | |a Lavisse, Ernest, |d 1842-1922. |4 oth | |
| 852 | |a INST |b SAMOS |c PORFYRIADA |e 20150204 |h 370.9 MIC |p 005300041468 |q 005300041468 |t NOLOAN |y 23 | ||
| 901 | |a BIBL3-2015-1 | ||
| 909 | |a Σ |b 186083 | ||
| 970 | |a ΣΙΤΖΙΜΗ |b ΓΙΑΣΕΜΗ |z 2015/02/04 | ||